00337nam a2200133Ia 4500008004100000082001500041100002300056245004900079250000800128260002500136300000800161650001100169700002300180191201s2011 xx 000 0 und d a320.9bMUH aMUKHERJEE, Subrata 0aHistory of Political Thought : Plato to Marx a2nd aNew DelhibPHIc2021 a563 aBA GEN aRAMASWAMY, Sushila